000 00504cam a2200205ua 4500
001 10489
008 190308n ii |||gr||||Z||||||eng
020 _a9789352991730
040 _cMAIN
041 _aeng
082 _a330.954
100 _aV K Puri,
_eAuthor.,
245 _aIndian economy
_bits development experience
250 _a36th rev. ed.
260 _aMumbai:
_bHimalaya publishing house,
_c2018.
300 _a784p.
653 _aEconomics
700 _aS K Misra,
_eAuthor.
942 _cBK
999 _c9474
_d9474